000
00320nam a2200157Ia 4500
100
_a
Pillay/Manicavachagen
250
_a
11
942
_c
BK
654
_a
algebra
245
_a
Algebra
260
_b
S.Vishwanathan Pvt Ltd
_a
Madras
_c
1987
082
_a
512
_b
PIL
300
_a
351
546
_a
ENGLISH
999
_c
24750
_d
24750